000
00319 a2200157 4500
001
57981
020
_a
040
_c
Anchieta - Pituba
100
_a
Oneill, Eugene
240
1
0
_a
Quatro peças
_l
por
245
1
0
_a
Quatro peças
300
_a
284
362
0
_a
1971
650
4
_a
Drama norte-americano
942
_c
BK
999
_c
57981
_d
57981